Statystyki dla flagi państw Antyli

Kliknij tutaj aby rozwiązać quiz!

Ogólne statystyki

  • Ten quiz został rozwiązany 11 razy
  • Średni wynik to 10 z 12

Statystyki odpowiedzi

Odpowiedź% Poprawnych
Jamajka
100%
Barbados
89%
Dominikana
89%
Haiti
89%
Kuba
89%
Trynidad i Tobago
89%
Antigua i Barbuda
78%
Dominika
78%
Grenada
78%
Saint Kitts i Nevis
78%
Saint Lucia
78%
Saint Vincent i Grenadyny
78%

Rozkład punktacji

Percentyl według liczby udzielonych odpowiedzi

Procent ludzi z każdym wynikiem

Twoja historia wyników

Nie rozwiązałeś tego quizu